000
00352nam a2200157Ia 4500
005
20250423101748.0
008
250422s9999 xx 000 0 und d
020
_a
0-88162-335-0
100
_a
Right Hon
245
0
_a
YES PREME MINSTER
260
_b
Salem House
260
_c
1986
300
_a
391 p
650
_a
school discipline
942
_c
BK
999
_c
37202
_d
37202